| 000 | 00517cam a2200205ua 4500 | ||
|---|---|---|---|
| 020 | _c2.50 | ||
| 041 |
_amal _h |
||
| 082 |
_a928.94812 _bVEN/TA |
||
| 100 | _aVenkatesa aiyankar, Masti. | ||
| 245 |
_aTagore / _cVenkatesa Aiyankar Masti. _hTextual Documents |
||
| 250 |
_a1 / _b. |
||
| 260 |
_aKottayam : _bSahitya Pravarthaka Co-operative Society , _c1961. |
||
| 300 | _a254 ; . | ||
| 365 | _a2.50 | ||
| 504 | _a | ||
| 942 | _cBK | ||
| 999 |
_c4128 _d4128 |
||